Minecraft Mobs: Ravager - Statistics

General Stats
  • This quiz has been taken 3 times
  • The average score is 6 of 8
Answer Stats
Question Answer % Correct
How many health points does a ravager have? 100
100%
What is the highest number of ravagers that can spawn as part of one of those? 6
100%
What is one mob that can ride a ravager? Evoker | Pillager | Vindicator
100%
What is the only way a ravager can spawn? Raid
100%
What item does a ravager drop? Saddle
100%
What is a ravager's height in blocks? 2.2
67%
What item can you use to stun a ravager? Shield
67%
What is a ravager's width in blocks? 1.95
0%
No matching quizzes found
Score Distribution
Percent of People with Each Score
Percentile by Number Answered
Your Score History
You have not taken this quiz